{"text_format":"1","workbook":"xlsx","n_sheets":2,"sheets":["Pasiūlymas","Subtiekėjai"],"not_rendered":{"charts":0,"images":0,"macros":1,"external_links":0,"defined_names":0,"comments":0,"pivot_tables":0},"unopened":[],"bounds":{"document_bytes":16777216,"sheet_cells":100000,"rows_first":2000,"rows_last":500,"rows_between":2000,"halvings":0,"cell_chars":16384,"cell_head_chars":4096},"cells_cut":0,"cells_raw":0,"read":"whole","date_system":"1900"}

{"sheet":"Pasiūlymas","index":0,"n_rows":456,"n_cols":7,"rows_kept":456,"cut":false,"hidden":false,"merged":[[27,0,27,5],[28,0,28,5],[24,0,24,5],[25,0,25,5],[26,0,26,5],[17,0,17,1],[17,2,17,5],[18,0,18,1],[18,2,18,5],[23,0,23,5],[19,0,19,1],[20,0,20,1],[19,2,19,5],[20,2,20,5],[22,0,22,5],[14,0,14,1],[14,2,14,5],[15,0,15,1],[15,2,15,5],[16,0,16,1],[16,2,16,5],[11,0,11,1],[11,2,11,5],[12,0,12,1],[12,2,12,5],[13,0,13,1],[13,2,13,5]]}
[]
["PIRKIMO SĄLYGŲ PRIEDAS \"PASIŪLYMŲ FORMA\""]
[]
["REAGENTAI IR PRIEMONĖS PATOLOGIJOS SKYRIUI JOSVAINIŲ G. 2 IR PATOLOGIJOS SKYRIUI HIPODROMO G. 13"]
[]
["Kam:","LSMU Kauno ligoninė"]
[]
["Data:","2021-01-22"]
["Nr.:"]
["Vieta:","Vilnius"]
[]
["Tiekėjo pavadinimas / Ūkio subjektų grupės nariai:",null,"UAB \"Medafrmos\" laboratorijos"]
["Tiekėjo kodas (-ai):",null,124484379]
["Tiekėjo adresas (-ai):",null,"P. Smuglevičiaus g. 1, Vilnius LT-08311"]
["Tiekėjo PVM mokėtojo kodas(-ai):",null,"LT244843716"]
["Tiekėjo / Ūkio subjektų grupės atsakingo partnerio sąskaitos numeris, banko pavadinimas ir banko kodas (-ai):",null,"AB SEB bankas, b/k 70440, LT77 7044 0600 0127 1837"]
["Asmens atsakingo už pasiūlymą vardas, pavardė:",null,"Živilė Sukackienė"]
["Asmens atsakingo už pasiūlymą telefono numeris, el. pašto adresas:",null,"8 5 270 01 01, info@medfarmos.lt"]
["Tiekėjo / Ūkio subjektų grupės, laimėjimo atveju, pasirašančio sutartį asmens vardas, pavardė, pareigos:",null,"Direktorė Živilė Sukackienė"]
["Tiekėjo / Ūkio subjektų grupės, laimėjimo atvjeu, už sutarties vykdymą atsakingo asmens vardas, pavardė, telefono numeris, elektroninio pašto adresas:",null,"Direktorė Živilė Sukackienė, tel.: 8 5 270 01 01, info@medfarmos.lt"]
["(1) Tiekėjo / Ūkio subjektų grupės narių, (2) ūkio subjektų, kurių pajėgumais remiamasi, ir (3) jei pašalinimo pagrindai taikomi visiems subtiekėjams - subtiekėjų, kolegialaus priežiūros organo (Stebėtojų tarybos) ir (ar) kolegialaus valdymo organo (Valdybos) narių sąrašas (jei sudaryta) ir (ar) asmuo, kuriam suteikti VPĮ 46 str. 2 d. 2 p. numatyti įgaliojimai",null,null,null,null,null,{"$f":"IF((SUMPRODUCT(--(C21=\"\"))>0), \"Privaloma užpildyti, kai taikomi pašalinimo pagrindai\", \"\")","v":"Privaloma užpildyti, kai taikomi pašalinimo pagrindai"}]
[]
["Tiekėjo patvirtinimai:"]
["1. Šiuo pasiūlymu pažymime, kad sutinkame su visomi pirkimo sąlygomis, nustatytomis:"]
["1.1. viešojo pirkimo dokumentuose"]
["1.2. kituose pirkimo dokumentuose (jų paaiškinimuose, papildymuose)."]
["2. Patvirtiname, kad informacija ir duomenys, pateikti pasiūlyme, yra teisingi ir apima viską, ko reikia tinkamam sutarties įvykdymui"]
["3. Patvirtiname, kad jei pasiūlyme nenurodyti kolegialaus priežiūros/valdymo organų nariai, šie organai juridiniuose asmenyse nėra sudaryti (taikoma, kai pirkimo dokumentuose nustatyti pašalinimo pagrindai)."]
["4. Pasiūlymas galioja iki termino, nustatyto pirkimo dokumentuose."]
[]
[]
["1. DALIS","OBJEKTYVINIAI STIKLELIAI"]
[]
["Tiekėjo pasiūlymas:"]
["Nr.","Pavadinimas","Kiekis","Mato vienetas","Kaina be PVM, Eur","Suma be PVM, Eur"]
["1.","Objektyviniai stikleliai"]
["1.1.","Objektyviniai stikleliai",60000,"vnt.",null,{"$f":"IF(ISBLANK(E37),\"\", PRODUCT(C37,E37))","v":""}]
["1.2.","Objektyviniai stikleliai padengti polilizinu su elektrostatiniu krūviu",18000,"vnt.",null,{"$f":"IF(ISBLANK(E38),\"\", PRODUCT(C38,E38))","v":""}]
[null,null,null,null,"Suma be PVM",{"$f":"IF((SUMPRODUCT(--(F37:F38=\"\"))>0), \"\", SUM(F37:F38))","v":""},{"$f":"IF((SUMPRODUCT(--(F37:F38=\"\"))>0), \"Neužpildytos visų objektų kainos\", \"\")","v":"Neužpildytos visų objektų kainos"}]
[null,null,null,null,"PVM suma"]
[null,null,null,null,"Suma su PVM",{"$f":"IF(ISBLANK(F40), \"\", SUM(F39:F40))","v":""}]
[]
[]
[]
["2. DALIS","OBJEKTYVINIAI STIKLELIAI DVIPUSIU MATINIU GALU"]
[]
["Tiekėjo pasiūlymas:"]
["Nr.","Pavadinimas","Kiekis","Mato vienetas","Kaina be PVM, Eur","Suma be PVM, Eur"]
["2.","Objektyviniai stikleliai dvipusiu matiniu galu"]
["2.1.","Objektyviniai stikleliai šlifuotu kraštu ir dvipusiu matiniu galu",40000,"vnt.",null,{"$f":"IF(ISBLANK(E50),\"\", PRODUCT(C50,E50))","v":""}]
[null,null,null,null,"Suma be PVM",{"$f":"IF(F50=\"\",\"\",SUM(F50:F50))","v":""},{"$f":"IF(F50=\"\",\"Neužpildytos visos objektų kainos\",\"\")","v":"Neužpildytos visos objektų kainos"}]
[null,null,null,null,"PVM suma"]
[null,null,null,null,"Suma su PVM",{"$f":"IF(ISBLANK(F52), \"\", SUM(F51:F52))","v":""}]
[]
[]
[]
["3. DALIS","DENGIAMIEJI STIKLELIAI"]
[]
["Tiekėjo pasiūlymas:"]
["Nr.","Pavadinimas","Kiekis","Mato vienetas","Kaina be PVM, Eur","Suma be PVM, Eur"]
["3.","Dengiamieji stikleliai"]
["3.1.","Dengiamieji stikleliai",63500,"vnt.",null,{"$f":"IF(ISBLANK(E62),\"\", PRODUCT(C62,E62))","v":""}]
[null,null,null,null,"Suma be PVM",{"$f":"IF(F62=\"\",\"\",SUM(F62:F62))","v":""},{"$f":"IF(F62=\"\",\"Neužpildytos visos objektų kainos\",\"\")","v":"Neužpildytos visos objektų kainos"}]
[null,null,null,null,"PVM suma"]
[null,null,null,null,"Suma su PVM",{"$f":"IF(ISBLANK(F64), \"\", SUM(F63:F64))","v":""}]
[]
[]
[]
["4. DALIS","DENGIAMIEJI STIKLELIAI"]
[]
["Tiekėjo pasiūlymas:"]
["Nr.","Pavadinimas","Kiekis","Mato vienetas","Kaina be PVM, Eur","Suma be PVM, Eur"]
["4.","Dengiamieji stikleliai"]
["4.1.","Dengiamieji stikleliai",40000,"vnt.",null,{"$f":"IF(ISBLANK(E74),\"\", PRODUCT(C74,E74))","v":""}]
[null,null,null,null,"Suma be PVM",{"$f":"IF(F74=\"\",\"\",SUM(F74:F74))","v":""},{"$f":"IF(F74=\"\",\"Neužpildytos visos objektų kainos\",\"\")","v":"Neužpildytos visos objektų kainos"}]
[null,null,null,null,"PVM suma"]
[null,null,null,null,"Suma su PVM",{"$f":"IF(ISBLANK(F76), \"\", SUM(F75:F76))","v":""}]
[]
[]
[]
["5. DALIS","HISTOLOGINIAI AŠMENYS"]
[]
["Tiekėjo pasiūlymas:"]
["Nr.","Pavadinimas","Kiekis","Mato vienetas","Kaina be PVM, Eur","Suma be PVM, Eur"]
["5.","Histologiniai ašmenys"]
["5.1.","Histologiniai ašmenys S35",4000,"vnt.",null,{"$f":"IF(ISBLANK(E86),\"\", PRODUCT(C86,E86))","v":""}]
["5.2.","Histologiniai ašmenys N35",850,"vnt.",null,{"$f":"IF(ISBLANK(E87),\"\", PRODUCT(C87,E87))","v":""}]
["5.3.","Histologiniai ašmenys S22",1350,"vnt.",null,{"$f":"IF(ISBLANK(E88),\"\", PRODUCT(C88,E88))","v":""}]
[null,null,null,null,"Suma be PVM",{"$f":"IF((SUMPRODUCT(--(F86:F88=\"\"))>0), \"\", SUM(F86:F88))","v":""},{"$f":"IF((SUMPRODUCT(--(F86:F88=\"\"))>0), \"Neužpildytos visų objektų kainos\", \"\")","v":"Neužpildytos visų objektų kainos"}]
[null,null,null,null,"PVM suma"]
[null,null,null,null,"Suma su PVM",{"$f":"IF(ISBLANK(F90), \"\", SUM(F89:F90))","v":""}]
[]
[]
[]
["6. DALIS","HISTOLOGINĖS KASETĖS"]
[]
["Tiekėjo pasiūlymas:"]
["Nr.","Pavadinimas","Kiekis","Mato vienetas","Kaina be PVM, Eur","Suma be PVM, Eur"]
["6.","Histologinės kasetės"]
["6.1.","Histologinės kasetės su dangteliais, geltonos",41000,"vnt.",null,{"$f":"IF(ISBLANK(E100),\"\", PRODUCT(C100,E100))","v":""}]
["6.2.","Histologinės kasetės su dangteliais, baltos",46000,"vnt.",null,{"$f":"IF(ISBLANK(E101),\"\", PRODUCT(C101,E101))","v":""}]
[null,null,null,null,"Suma be PVM",{"$f":"IF((SUMPRODUCT(--(F100:F101=\"\"))>0), \"\", SUM(F100:F101))","v":""},{"$f":"IF((SUMPRODUCT(--(F100:F101=\"\"))>0), \"Neužpildytos visų objektų kainos\", \"\")","v":"Neužpildytos visų objektų kainos"}]
[null,null,null,null,"PVM suma"]
[null,null,null,null,"Suma su PVM",{"$f":"IF(ISBLANK(F103), \"\", SUM(F102:F103))","v":""}]
[]
[]
[]
["7. DALIS","BIOPSINĖS KEMPINĖLĖS"]
[]
["Tiekėjo pasiūlymas:"]
["Nr.","Pavadinimas","Kiekis","Mato vienetas","Kaina be PVM, Eur","Suma be PVM, Eur"]
["7.","Biopsinės kempinėlės"]
["7.1.","Biopsinės kempinėlės",41500,"vnt.",null,{"$f":"IF(ISBLANK(E113),\"\", PRODUCT(C113,E113))","v":""}]
[null,null,null,null,"Suma be PVM",{"$f":"IF(F113=\"\",\"\",SUM(F113:F113))","v":""},{"$f":"IF(F113=\"\",\"Neužpildytos visos objektų kainos\",\"\")","v":"Neužpildytos visos objektų kainos"}]
[null,null,null,null,"PVM suma"]
[null,null,null,null,"Suma su PVM",{"$f":"IF(ISBLANK(F115), \"\", SUM(F114:F115))","v":""}]
[]
[]
[]
["8. DALIS","IZOPROPANOLIS"]
[]
["Tiekėjo pasiūlymas:"]
["Nr.","Pavadinimas","Kiekis","Mato vienetas","Kaina be PVM, Eur","Suma be PVM, Eur"]
["8.","Izopropanolis"]
["8.1.","Izopropanolis >99%",1900,"L",null,{"$f":"IF(ISBLANK(E125),\"\", PRODUCT(C125,E125))","v":""}]
[null,null,null,null,"Suma be PVM",{"$f":"IF(F125=\"\",\"\",SUM(F125:F125))","v":""},{"$f":"IF(F125=\"\",\"Neužpildytos visos objektų kainos\",\"\")","v":"Neužpildytos visos objektų kainos"}]
[null,null,null,null,"PVM suma"]
[null,null,null,null,"Suma su PVM",{"$f":"IF(ISBLANK(F127), \"\", SUM(F126:F127))","v":""}]
[]
[]
[]
["9. DALIS","KSILENAS"]
[]
["Tiekėjo pasiūlymas:"]
["Nr.","Pavadinimas","Kiekis","Mato vienetas","Kaina be PVM, Eur","Suma be PVM, Eur"]
["9.","Ksilenas"]
["9.1.","Ksilenas",1650,"L",3.2,{"$f":"IF(ISBLANK(E137),\"\", PRODUCT(C137,E137))","v":5280}]
[null,null,null,null,"Suma be PVM",{"$f":"IF(F137=\"\",\"\",SUM(F137:F137))","v":5280},{"$f":"IF(F137=\"\",\"Neužpildytos visos objektų kainos\",\"\")","v":""}]
[null,null,null,null,"PVM suma",264]
[null,null,null,null,"Suma su PVM",{"$f":"IF(ISBLANK(F139), \"\", SUM(F138:F139))","v":5544}]
[]
[]
[]
["10. DALIS","PARAFINAS HISTOLOGIJAI"]
[]
["Tiekėjo pasiūlymas:"]
["Nr.","Pavadinimas","Kiekis","Mato vienetas","Kaina be PVM, Eur","Suma be PVM, Eur"]
["10.","Parafinas histologijai"]
["10.1.","Parafinas histologijai",480,"kg",8,{"$f":"IF(ISBLANK(E149),\"\", PRODUCT(C149,E149))","v":3840}]
[null,null,null,null,"Suma be PVM",{"$f":"IF(F149=\"\",\"\",SUM(F149:F149))","v":3840},{"$f":"IF(F149=\"\",\"Neužpildytos visos objektų kainos\",\"\")","v":""}]
[null,null,null,null,"PVM suma",192]
[null,null,null,null,"Suma su PVM",{"$f":"IF(ISBLANK(F151), \"\", SUM(F150:F151))","v":4032}]
[]
[]
[]
["11. DALIS","PARAFINAS HISTOLOGIJAI"]
[]
["Tiekėjo pasiūlymas:"]
["Nr.","Pavadinimas","Kiekis","Mato vienetas","Kaina be PVM, Eur","Suma be PVM, Eur"]
["11.","Parafinas histologijai"]
["11.1.","Parafinas histologijai",235,"kg",8.4,{"$f":"IF(ISBLANK(E161),\"\", PRODUCT(C161,E161))","v":1974}]
[null,null,null,null,"Suma be PVM",{"$f":"IF(F161=\"\",\"\",SUM(F161:F161))","v":1974},{"$f":"IF(F161=\"\",\"Neužpildytos visos objektų kainos\",\"\")","v":""}]
[null,null,null,null,"PVM suma",98.7]
[null,null,null,null,"Suma su PVM",{"$f":"IF(ISBLANK(F163), \"\", SUM(F162:F163))","v":2072.6999999999998}]
[]
[]
[]
["12. DALIS","AUDINIŲ DEKALCINATAS"]
[]
["Tiekėjo pasiūlymas:"]
["Nr.","Pavadinimas","Kiekis","Mato vienetas","Kaina be PVM, Eur","Suma be PVM, Eur"]
["12.","Audinių dekalcinatas"]
["12.1.","Audinių dekalcinatas stiprių mineralinių rūgščių pagrindu",120,"L",13,{"$f":"IF(ISBLANK(E173),\"\", PRODUCT(C173,E173))","v":1560}]
["12.2.","Audinių dekalcinatas organinių rūgščių pagrindu",28,"L",14,{"$f":"IF(ISBLANK(E174),\"\", PRODUCT(C174,E174))","v":392}]
[null,null,null,null,"Suma be PVM",{"$f":"IF((SUMPRODUCT(--(F173:F174=\"\"))>0), \"\", SUM(F173:F174))","v":1952},{"$f":"IF((SUMPRODUCT(--(F173:F174=\"\"))>0), \"Neužpildytos visų objektų kainos\", \"\")","v":""}]
[null,null,null,null,"PVM suma",97.6]
[null,null,null,null,"Suma su PVM",{"$f":"IF(ISBLANK(F176), \"\", SUM(F175:F176))","v":2049.6}]
[]
[]
[]
["13. DALIS","OBJEKTYVINIŲ STIKLELIŲ DENGIMO SKYSTIS"]
[]
["Tiekėjo pasiūlymas:"]
["Nr.","Pavadinimas","Kiekis","Mato vienetas","Kaina be PVM, Eur","Suma be PVM, Eur"]
["13.","Objektyvinių stiklelių dengimo skystis"]
["13.1.","Objektyvinių stiklelių dengimo skystis",31,"L",40,{"$f":"IF(ISBLANK(E186),\"\", PRODUCT(C186,E186))","v":1240}]
[null,null,null,null,"Suma be PVM",{"$f":"IF(F186=\"\",\"\",SUM(F186:F186))","v":1240},{"$f":"IF(F186=\"\",\"Neužpildytos visos objektų kainos\",\"\")","v":""}]
[null,null,null,null,"PVM suma",62]
[null,null,null,null,"Suma su PVM",{"$f":"IF(ISBLANK(F188), \"\", SUM(F187:F188))","v":1302}]
[]
[]
[]
["14. DALIS","KRIOSTATINIS UŽPILAS"]
[]
["Tiekėjo pasiūlymas:"]
["Nr.","Pavadinimas","Kiekis","Mato vienetas","Kaina be PVM, Eur","Suma be PVM, Eur"]
["14.","Kriostatinis užpilas"]
["14.1.","Kriostatinis užpilas Shandon Cryomatrix",240,"ml",null,{"$f":"IF(ISBLANK(E198),\"\", PRODUCT(C198,E198))","v":""}]
[null,null,null,null,"Suma be PVM",{"$f":"IF(F198=\"\",\"\",SUM(F198:F198))","v":""},{"$f":"IF(F198=\"\",\"Neužpildytos visos objektų kainos\",\"\")","v":"Neužpildytos visos objektų kainos"}]
[null,null,null,null,"PVM suma"]
[null,null,null,null,"Suma su PVM",{"$f":"IF(ISBLANK(F200), \"\", SUM(F199:F200))","v":""}]
[]
[]
[]
["15. DALIS","DRUSKOS RŪGŠTIS"]
[]
["Tiekėjo pasiūlymas:"]
["Nr.","Pavadinimas","Kiekis","Mato vienetas","Kaina be PVM, Eur","Suma be PVM, Eur"]
["15.","Druskos rūgštis"]
["15.1.","Druskos rūgštis 35-37%",28,"L",null,{"$f":"IF(ISBLANK(E210),\"\", PRODUCT(C210,E210))","v":""}]
[null,null,null,null,"Suma be PVM",{"$f":"IF(F210=\"\",\"\",SUM(F210:F210))","v":""},{"$f":"IF(F210=\"\",\"Neužpildytos visos objektų kainos\",\"\")","v":"Neužpildytos visos objektų kainos"}]
[null,null,null,null,"PVM suma"]
[null,null,null,null,"Suma su PVM",{"$f":"IF(ISBLANK(F212), \"\", SUM(F211:F212))","v":""}]
[]
[]
[]
["16. DALIS","SKRUZDŽIŲ RŪGŠTIS"]
[]
["Tiekėjo pasiūlymas:"]
["Nr.","Pavadinimas","Kiekis","Mato vienetas","Kaina be PVM, Eur","Suma be PVM, Eur"]
["16.","Skruzdžių rūgštis"]
["16.1.","Skruzdžių rūgštis (ac. formicum)",20,"L",null,{"$f":"IF(ISBLANK(E222),\"\", PRODUCT(C222,E222))","v":""}]
[null,null,null,null,"Suma be PVM",{"$f":"IF(F222=\"\",\"\",SUM(F222:F222))","v":""},{"$f":"IF(F222=\"\",\"Neužpildytos visos objektų kainos\",\"\")","v":"Neužpildytos visos objektų kainos"}]
[null,null,null,null,"PVM suma"]
[null,null,null,null,"Suma su PVM",{"$f":"IF(ISBLANK(F224), \"\", SUM(F223:F224))","v":""}]
[]
[]
[]
["17. DALIS","LEDINĖ ACTO RŪGŠTIS"]
[]
["Tiekėjo pasiūlymas:"]
["Nr.","Pavadinimas","Kiekis","Mato vienetas","Kaina be PVM, Eur","Suma be PVM, Eur"]
["17.","Ledinė acto rūgštis"]
["17.1.","Ledinė acto rūgštis",8,"L",null,{"$f":"IF(ISBLANK(E234),\"\", PRODUCT(C234,E234))","v":""}]
[null,null,null,null,"Suma be PVM",{"$f":"IF(F234=\"\",\"\",SUM(F234:F234))","v":""},{"$f":"IF(F234=\"\",\"Neužpildytos visos objektų kainos\",\"\")","v":"Neužpildytos visos objektų kainos"}]
[null,null,null,null,"PVM suma"]
[null,null,null,null,"Suma su PVM",{"$f":"IF(ISBLANK(F236), \"\", SUM(F235:F236))","v":""}]
[]
[]
[]
["18. DALIS","REAGENTAI DAŽYMUI HEMATOKSILINO - EOZINO BŪDU"]
[]
["Tiekėjo pasiūlymas:"]
["Nr.","Pavadinimas","Kiekis","Mato vienetas","Kaina be PVM, Eur","Suma be PVM, Eur"]
["18.","Reagentai dažymui hematoksilino - eozino būdu"]
["18.1.","Hematoksilino dažai",6,"kompl.",null,{"$f":"IF(ISBLANK(E246),\"\", PRODUCT(C246,E246))","v":""}]
["18.2.","Eozino dažai",6,"kompl.",null,{"$f":"IF(ISBLANK(E247),\"\", PRODUCT(C247,E247))","v":""}]
["18.3.","Skaidrinimo reagentas",32,"L",null,{"$f":"IF(ISBLANK(E248),\"\", PRODUCT(C248,E248))","v":""}]
["18.4.","Melsvinimo reagentas",32,"L",null,{"$f":"IF(ISBLANK(E249),\"\", PRODUCT(C249,E249))","v":""}]
[null,null,null,null,"Suma be PVM",{"$f":"IF((SUMPRODUCT(--(F246:F249=\"\"))>0), \"\", SUM(F246:F249))","v":""},{"$f":"IF((SUMPRODUCT(--(F246:F249=\"\"))>0), \"Neužpildytos visų objektų kainos\", \"\")","v":"Neužpildytos visų objektų kainos"}]
[null,null,null,null,"PVM suma"]
[null,null,null,null,"Suma su PVM",{"$f":"IF(ISBLANK(F251), \"\", SUM(F250:F251))","v":""}]
[]
[]
[]
["19. DALIS","HEMATOKSILINAS H"]
[]
["Tiekėjo pasiūlymas:"]
["Nr.","Pavadinimas","Kiekis","Mato vienetas","Kaina be PVM, Eur","Suma be PVM, Eur"]
["19.","Hematoksilinas H"]
["19.1.","Hematoksilinas H",17.5,"L",18.399999999999999,{"$f":"IF(ISBLANK(E261),\"\", PRODUCT(C261,E261))","v":322}]
[null,null,null,null,"Suma be PVM",{"$f":"IF(F261=\"\",\"\",SUM(F261:F261))","v":322},{"$f":"IF(F261=\"\",\"Neužpildytos visos objektų kainos\",\"\")","v":""}]
[null,null,null,null,"PVM suma",16.010000000000002]
[null,null,null,null,"Suma su PVM",{"$f":"IF(ISBLANK(F263), \"\", SUM(F262:F263))","v":338.01}]
[]
[]
[]
["20. DALIS","ŠIFO REAGENTAS"]
[]
["Tiekėjo pasiūlymas:"]
["Nr.","Pavadinimas","Kiekis","Mato vienetas","Kaina be PVM, Eur","Suma be PVM, Eur"]
["20.","Šifo reagentas"]
["20.1.","Šifo reagentas",9000,"ml",3.2000000000000001E-2,{"$f":"IF(ISBLANK(E273),\"\", PRODUCT(C273,E273))","v":288}]
[null,null,null,null,"Suma be PVM",{"$f":"IF(F273=\"\",\"\",SUM(F273:F273))","v":288},{"$f":"IF(F273=\"\",\"Neužpildytos visos objektų kainos\",\"\")","v":""}]
[null,null,null,null,"PVM suma",14.4]
[null,null,null,null,"Suma su PVM",{"$f":"IF(ISBLANK(F275), \"\", SUM(F274:F275))","v":302.39999999999998}]
[]
[]
[]
["21. DALIS","PERIODINĖ RŪGŠTIS"]
[]
["Tiekėjo pasiūlymas:"]
["Nr.","Pavadinimas","Kiekis","Mato vienetas","Kaina be PVM, Eur","Suma be PVM, Eur"]
["21.","Periodinė rūgštis"]
["21.1.","Periodinė rūgštis",600,"g",null,{"$f":"IF(ISBLANK(E285),\"\", PRODUCT(C285,E285))","v":""}]
[null,null,null,null,"Suma be PVM",{"$f":"IF(F285=\"\",\"\",SUM(F285:F285))","v":""},{"$f":"IF(F285=\"\",\"Neužpildytos visos objektų kainos\",\"\")","v":"Neužpildytos visos objektų kainos"}]
[null,null,null,null,"PVM suma"]
[null,null,null,null,"Suma su PVM",{"$f":"IF(ISBLANK(F287), \"\", SUM(F286:F287))","v":""}]
[]
[]
[]
["22. DALIS","ALCIANO MĖLIS"]
[]
["Tiekėjo pasiūlymas:"]
["Nr.","Pavadinimas","Kiekis","Mato vienetas","Kaina be PVM, Eur","Suma be PVM, Eur"]
["22.","Alciano mėlis"]
["22.1.","Alciano mėlis 8 GX",100,"g",5.12,{"$f":"IF(ISBLANK(E297),\"\", PRODUCT(C297,E297))","v":512}]
[null,null,null,null,"Suma be PVM",{"$f":"IF(F297=\"\",\"\",SUM(F297:F297))","v":512},{"$f":"IF(F297=\"\",\"Neužpildytos visos objektų kainos\",\"\")","v":""}]
[null,null,null,null,"PVM suma",25.6]
[null,null,null,null,"Suma su PVM",{"$f":"IF(ISBLANK(F299), \"\", SUM(F298:F299))","v":537.6}]
[]
[]
[]
["23. DALIS","GIEMSA DAŽAI HISTOLOGIJAI"]
[]
["Tiekėjo pasiūlymas:"]
["Nr.","Pavadinimas","Kiekis","Mato vienetas","Kaina be PVM, Eur","Suma be PVM, Eur"]
["23.","Giemsa dažai histologijai"]
["23.1.","Giemsa dažai histologijai",22,"L",18,{"$f":"IF(ISBLANK(E309),\"\", PRODUCT(C309,E309))","v":396}]
[null,null,null,null,"Suma be PVM",{"$f":"IF(F309=\"\",\"\",SUM(F309:F309))","v":396},{"$f":"IF(F309=\"\",\"Neužpildytos visos objektų kainos\",\"\")","v":""}]
[null,null,null,null,"PVM suma",19.8]
[null,null,null,null,"Suma su PVM",{"$f":"IF(ISBLANK(F311), \"\", SUM(F310:F311))","v":415.8}]
[]
[]
[]
["24. DALIS","MUCIKARMINO DAŽAI"]
[]
["Tiekėjo pasiūlymas:"]
["Nr.","Pavadinimas","Kiekis","Mato vienetas","Kaina be PVM, Eur","Suma be PVM, Eur"]
["24.","Mucikarmino dažai"]
["24.1.","Mucikarmino dažai",7800,"ml",0.14000000000000001,{"$f":"IF(ISBLANK(E321),\"\", PRODUCT(C321,E321))","v":1092}]
[null,null,null,null,"Suma be PVM",{"$f":"IF(F321=\"\",\"\",SUM(F321:F321))","v":1092},{"$f":"IF(F321=\"\",\"Neužpildytos visos objektų kainos\",\"\")","v":""}]
[null,null,null,null,"PVM suma",54.6]
[null,null,null,null,"Suma su PVM",{"$f":"IF(ISBLANK(F323), \"\", SUM(F322:F323))","v":1146.5999999999999}]
[]
[]
[]
["25. DALIS","MASSON-GOLDNER DAŽYMO RINKINYS"]
[]
["Tiekėjo pasiūlymas:"]
["Nr.","Pavadinimas","Kiekis","Mato vienetas","Kaina be PVM, Eur","Suma be PVM, Eur"]
["25.","Masson-Goldner dažymo rinkinys"]
["25.1.","Masson-Goldner dažymo rinkinys",6,"kompl.",140,{"$f":"IF(ISBLANK(E333),\"\", PRODUCT(C333,E333))","v":840}]
[null,null,null,null,"Suma be PVM",{"$f":"IF(F333=\"\",\"\",SUM(F333:F333))","v":840},{"$f":"IF(F333=\"\",\"Neužpildytos visos objektų kainos\",\"\")","v":""}]
[null,null,null,null,"PVM suma",42]
[null,null,null,null,"Suma su PVM",{"$f":"IF(ISBLANK(F335), \"\", SUM(F334:F335))","v":882}]
[]
[]
[]
["26. DALIS","DAŽYMO RINKINYS GELEŽIES PIGMENTUI NUSTATYTI"]
[]
["Tiekėjo pasiūlymas:"]
["Nr.","Pavadinimas","Kiekis","Mato vienetas","Kaina be PVM, Eur","Suma be PVM, Eur"]
["26.","Dažymo rinkinys geležies pigmentui nustatyti"]
["26.1.","Dažymo rinkinys geležies pigmentui nustatyti",10,"kompl.",50,{"$f":"IF(ISBLANK(E345),\"\", PRODUCT(C345,E345))","v":500}]
[null,null,null,null,"Suma be PVM",{"$f":"IF(F345=\"\",\"\",SUM(F345:F345))","v":500},{"$f":"IF(F345=\"\",\"Neužpildytos visos objektų kainos\",\"\")","v":""}]
[null,null,null,null,"PVM suma",25]
[null,null,null,null,"Suma su PVM",{"$f":"IF(ISBLANK(F347), \"\", SUM(F346:F347))","v":525}]
[]
[]
[]
["27. DALIS","ALCIAN BLUE PAS DAŽŲ RINKINYS"]
[]
["Tiekėjo pasiūlymas:"]
["Nr.","Pavadinimas","Kiekis","Mato vienetas","Kaina be PVM, Eur","Suma be PVM, Eur"]
["27.","Alcian Blue PAS dažų rinkinys"]
["27.1.","Alcian Blue PAS dažų rinkinys",2,"kompl.",150,{"$f":"IF(ISBLANK(E357),\"\", PRODUCT(C357,E357))","v":300}]
[null,null,null,null,"Suma be PVM",{"$f":"IF(F357=\"\",\"\",SUM(F357:F357))","v":300},{"$f":"IF(F357=\"\",\"Neužpildytos visos objektų kainos\",\"\")","v":""}]
[null,null,null,null,"PVM suma",15]
[null,null,null,null,"Suma su PVM",{"$f":"IF(ISBLANK(F359), \"\", SUM(F358:F359))","v":315}]
[]
[]
[]
["28. DALIS","RETIKULINO SIDABRAVIMO RINKINYS PAGAL GORDON-SWEET"]
[]
["Tiekėjo pasiūlymas:"]
["Nr.","Pavadinimas","Kiekis","Mato vienetas","Kaina be PVM, Eur","Suma be PVM, Eur"]
["28.","Retikulino sidabravimo rinkinys pagal Gordon-Sweet"]
["28.1.","Retikulino sidabravimo rinkinys pagal Gordon-Sweet",12,"kompl.",72,{"$f":"IF(ISBLANK(E369),\"\", PRODUCT(C369,E369))","v":864}]
[null,null,null,null,"Suma be PVM",{"$f":"IF(F369=\"\",\"\",SUM(F369:F369))","v":864},{"$f":"IF(F369=\"\",\"Neužpildytos visos objektų kainos\",\"\")","v":""}]
[null,null,null,null,"PVM suma",43.2]
[null,null,null,null,"Suma su PVM",{"$f":"IF(ISBLANK(F371), \"\", SUM(F370:F371))","v":907.2}]
[]
[]
[]
["29. DALIS","STEINER DAŽYMO RINKINYS"]
[]
["Tiekėjo pasiūlymas:"]
["Nr.","Pavadinimas","Kiekis","Mato vienetas","Kaina be PVM, Eur","Suma be PVM, Eur"]
["29.","Steiner dažymo rinkinys"]
["29.1.","Steiner dažymo rinkinys",2,"kompl.",null,{"$f":"IF(ISBLANK(E381),\"\", PRODUCT(C381,E381))","v":""}]
[null,null,null,null,"Suma be PVM",{"$f":"IF(F381=\"\",\"\",SUM(F381:F381))","v":""},{"$f":"IF(F381=\"\",\"Neužpildytos visos objektų kainos\",\"\")","v":"Neužpildytos visos objektų kainos"}]
[null,null,null,null,"PVM suma"]
[null,null,null,null,"Suma su PVM",{"$f":"IF(ISBLANK(F383), \"\", SUM(F382:F383))","v":""}]
[]
[]
[]
["30. DALIS","ORSEINO DAŽYMO RINKINYS"]
[]
["Tiekėjo pasiūlymas:"]
["Nr.","Pavadinimas","Kiekis","Mato vienetas","Kaina be PVM, Eur","Suma be PVM, Eur"]
["30.","Orseino dažymo rinkinys"]
["30.1.","Orseino dažymo rinkinys",2,"kompl.",50,{"$f":"IF(ISBLANK(E393),\"\", PRODUCT(C393,E393))","v":100}]
[null,null,null,null,"Suma be PVM",{"$f":"IF(F393=\"\",\"\",SUM(F393:F393))","v":100},{"$f":"IF(F393=\"\",\"Neužpildytos visos objektų kainos\",\"\")","v":""}]
[null,null,null,null,"PVM suma",5]
[null,null,null,null,"Suma su PVM",{"$f":"IF(ISBLANK(F395), \"\", SUM(F394:F395))","v":105}]
[]
[]
[]
["31. DALIS","PAPANICOLAU DAŽYMO RINKINYS"]
[]
["Tiekėjo pasiūlymas:"]
["Nr.","Pavadinimas","Kiekis","Mato vienetas","Kaina be PVM, Eur","Suma be PVM, Eur"]
["31.","Papanicolau dažymo rinkinys"]
["31.1.","Papanicolau dažymo rinkinys",14,"kompl.",56.8,{"$f":"IF(ISBLANK(E405),\"\", PRODUCT(C405,E405))","v":795.19999999999993}]
[null,null,null,null,"Suma be PVM",{"$f":"IF(F405=\"\",\"\",SUM(F405:F405))","v":795.19999999999993},{"$f":"IF(F405=\"\",\"Neužpildytos visos objektų kainos\",\"\")","v":""}]
[null,null,null,null,"PVM suma",39.76]
[null,null,null,null,"Suma su PVM",{"$f":"IF(ISBLANK(F407), \"\", SUM(F406:F407))","v":834.95999999999992}]
[]
[]
[]
["32. DALIS","MAY-GRUNWALD-GIEMSA DAŽYMO RINKINYS"]
[]
["Tiekėjo pasiūlymas:"]
["Nr.","Pavadinimas","Kiekis","Mato vienetas","Kaina be PVM, Eur","Suma be PVM, Eur"]
["32.","May-Grunwald-Giemsa dažymo rinkinys"]
["32.1.","May-Grunwald-Giemsa dažymo rinkinys",22,"kompl.",15.4,{"$f":"IF(ISBLANK(E417),\"\", PRODUCT(C417,E417))","v":338.8}]
[null,null,null,null,"Suma be PVM",{"$f":"IF(F417=\"\",\"\",SUM(F417:F417))","v":338.8},{"$f":"IF(F417=\"\",\"Neužpildytos visos objektų kainos\",\"\")","v":""}]
[null,null,null,null,"PVM suma",16.940000000000001]
[null,null,null,null,"Suma su PVM",{"$f":"IF(ISBLANK(F419), \"\", SUM(F418:F419))","v":355.74}]
[]
[]
[]
["33. DALIS","FOSFATINIO BUFERIO TABLETĖS PH 7,2"]
[]
["Tiekėjo pasiūlymas:"]
["Nr.","Pavadinimas","Kiekis","Mato vienetas","Kaina be PVM, Eur","Suma be PVM, Eur"]
["33.","Fosfatinio buferio tabletės pH 7,2"]
["33.1.","Fosfatinio buferio tabletės pH 7,2",200,"vnt.",0.46,{"$f":"IF(ISBLANK(E429),\"\", PRODUCT(C429,E429))","v":92}]
[null,null,null,null,"Suma be PVM",{"$f":"IF(F429=\"\",\"\",SUM(F429:F429))","v":92},{"$f":"IF(F429=\"\",\"Neužpildytos visos objektų kainos\",\"\")","v":""}]
[null,null,null,null,"PVM suma",4.5999999999999996]
[null,null,null,null,"Suma su PVM",{"$f":"IF(ISBLANK(F431), \"\", SUM(F430:F431))","v":96.6}]
[]
[]
[]
["34. DALIS","S FORMOS DAUGKARTINIO NAUDOJIMO ADATOS"]
[]
["Tiekėjo pasiūlymas:"]
["Nr.","Pavadinimas","Kiekis","Mato vienetas","Kaina be PVM, Eur","Suma be PVM, Eur"]
["34.","S formos daugkartinio naudojimo adatos"]
["34.1.","S formos daugkartinio naudojimo adatos",4,"vnt.",null,{"$f":"IF(ISBLANK(E441),\"\", PRODUCT(C441,E441))","v":""}]
[null,null,null,null,"Suma be PVM",{"$f":"IF(F441=\"\",\"\",SUM(F441:F441))","v":""},{"$f":"IF(F441=\"\",\"Neužpildytos visos objektų kainos\",\"\")","v":"Neužpildytos visos objektų kainos"}]
[null,null,null,null,"PVM suma"]
[null,null,null,null,"Suma su PVM",{"$f":"IF(ISBLANK(F443), \"\", SUM(F442:F443))","v":""}]
[]
[]
[]
["35. DALIS","REAGENTAS FIXATIVE, PEN-FIX"]
[]
["Tiekėjo pasiūlymas:"]
["Nr.","Pavadinimas","Kiekis","Mato vienetas","Kaina be PVM, Eur","Suma be PVM, Eur"]
["35.","Reagentas Fixative, Pen-Fix"]
["35.1.","Reagentas Fixative, Pen-Fix (HAZ)",2,"kompl.",null,{"$f":"IF(ISBLANK(E453),\"\", PRODUCT(C453,E453))","v":""}]
[null,null,null,null,"Suma be PVM",{"$f":"IF(F453=\"\",\"\",SUM(F453:F453))","v":""},{"$f":"IF(F453=\"\",\"Neužpildytos visos objektų kainos\",\"\")","v":"Neužpildytos visos objektų kainos"}]
[null,null,null,null,"PVM suma"]
[null,null,null,null,"Suma su PVM",{"$f":"IF(ISBLANK(F455), \"\", SUM(F454:F455))","v":""}]

{"sheet":"Subtiekėjai","index":1,"n_rows":100,"n_cols":11,"rows_kept":100,"cut":false,"hidden":false,"merged":[[23,0,23,1],[22,0,22,1],[21,0,21,1],[20,0,20,1],[19,0,19,1],[28,0,28,1],[27,0,27,1],[26,0,26,1],[25,0,25,1],[24,0,24,1],[23,2,23,4],[22,2,22,4],[21,2,21,4],[20,2,20,4],[19,2,19,4],[28,2,28,4],[27,2,27,4],[26,2,26,4],[25,2,25,4],[24,2,24,4],[23,5,23,7],[22,5,22,7],[21,5,21,7],[20,5,20,7],[19,5,19,7],[28,5,28,7],[27,5,27,7],[26,5,26,7],[25,5,25,7],[24,5,24,7],[23,8,23,9],[22,8,22,9],[21,8,21,9],[20,8,20,9],[19,8,19,9],[28,8,28,9],[27,8,27,9],[26,8,26,9],[25,8,25,9],[24,8,24,9],[16,0,16,10],[18,8,18,9],[18,5,18,7],[18,2,18,4],[18,0,18,1],[13,0,13,1],[12,0,12,1],[11,0,11,1],[10,0,10,1],[13,8,13,9],[12,8,12,9],[11,8,11,9],[10,8,10,9],[4,0,4,1],[5,5,5,7],[5,0,5,1],[9,0,9,1],[13,2,13,4],[12,2,12,4],[11,2,11,4],[10,2,10,4],[9,2,9,4],[13,5,13,7],[12,5,12,7],[11,5,11,7],[10,5,10,7],[9,5,9,7],[1,0,2,10],[30,0,30,9],[14,5,14,7],[8,5,8,7],[7,5,7,7],[6,5,6,7],[14,8,14,9],[8,8,8,9],[7,8,7,9],[6,8,6,9],[14,0,14,1],[8,0,8,1],[7,0,7,1],[6,0,6,1],[14,2,14,4],[8,2,8,4],[7,2,7,4],[9,8,9,9],[6,2,6,4],[5,2,5,4],[5,8,5,9],[4,8,4,9],[4,5,4,7],[4,2,4,4],[32,0,32,9],[34,7,34,9],[34,1,34,6],[45,7,45,9],[42,7,42,9],[37,7,37,9],[36,7,36,9],[35,7,35,9],[44,7,44,9],[43,7,43,9],[41,7,41,9],[40,7,40,9],[39,7,39,9],[38,7,38,9],[45,1,45,6],[44,1,44,6],[47,0,47,9],[52,4,52,9],[50,4,50,9],[52,0,52,3],[50,0,50,3],[38,1,38,6],[37,1,37,6],[36,1,36,6],[35,1,35,6],[43,1,43,6],[42,1,42,6],[41,1,41,6],[40,1,40,6],[39,1,39,6]]}
[]
["Ūkio subjektai (įskaitant kvazisubtiekėjus - fiziniai asmenys, kuriuos ketinama įdarbinti pirkimo laimėjimo atveju), kurių pajėgumais tiekėjas remiasi, kad atitiktų keliamus kvalifikacijos reikalavimus:"]
[]
[]
["Pavadinimas*",null,"Kodas, adresas",null,null,"Perduodama veikla",null,null,"Perduodamos veiklos dalis nuo visos pirkimo sutarties (Eur arba %)",null,"Kval. Reikalavimo Nr."]
[]
[]
[]
[]
[]
[]
[]
[]
[]
[]
[]
["Subtiekėjams / subteikėjams / subrangovams numatomos perduoti veiklos (privaloma nurodyti) ir šių ūkio subjektų pavadinimai (jei žinomi):"]
[]
["Pavadinimas",null,"Kodas, adresas",null,null,"Perduodama veikla*",null,null,"Perduodamos veiklos dalis nuo visos pirkimo sutarties (Eur arba %)"]
[]
[]
[]
[]
[]
[]
[]
[]
[]
[]
[]
["* Pildyti tuomet, jei pirkimo sutarties vykdymui bus pasitelkti subtiekėjai. Jeigu tiekėjas nenurodo subtiekėjų, laikoma, kad vykdant pirkimo sutartį jų nebus pasitelkiama."]
[]
["Kartu su pasiūlymu pateikiami šie dokumentai:"]
[]
["Nr.","Dokumento  pavadinimas",null,null,null,null,null,"Dokumentas yra konfidencialus? Taip/Ne"]
[1,"Jungtinės veiklos kopija (jei taikoma)"]
[2,"Europos bendrasis viešųjų prikimų dokumentas",null,null,null,null,null,"Ne"]
[3,"Subtiekimo sutartis, ketinimų protokolas, preliminarios sutartys ar kiti dokumentai, patvirtinantys, kad laimėjus pirkimą tiekėjui bus prieinami kitų ūkio subjektų ištekliai (jei pasitelkiami kvalifikacijos atitikimui)"]
[4,"Pasiūlymo atitikimą pirkimo sąlygų techninei specifikacijai pagrindžiantys dokumentai",null,null,null,null,null,"Taip"]
["5.","Gamintojo įgaliojimas",null,null,null,null,null,"Taip"]
["6.","CE deklaracija",null,null,null,null,null,"Taip"]
[]
[]
[]
[]
[]
[]
["Pasiūlyme nurodyta Prekės kaina, išskyrus jos sudedamąsias dalis, subtiekėjai, taip pat kita informacija, kuri teisės aktų nustatyta tvarka turi būti skelbiama arba kitokiu būdu viešai prieinama visuomenei, nėra laikoma konfidencialia informacija. Konfidencialią informaciją sudaro, visų pirma, komercinė (gamybinė) paslaptis ir konfidencialieji pasiūlymų aspektai. Informacija, kurią viešai skelbti įpareigoja Lietuvos Respublikos įstatymai, negali būti tiekėjo nurodoma kaip konfidenciali, todėl, tiekėjui nurodžius tokią informaciją kaip konfidencialią, perkančioji organizacija turi teisę ją skelbti. Jei tiekėjas nenurodo konfidencialios informacijos, laikoma, kad konfidencialios informacijos tiekėjo pasiūlyme nėra. Vadovaujantis Informacijos viešinimo Centrinėje viešųjų pirkimų informacinėje sistemoje tvarkos aprašu, patvirtintu Viešųjų pirkimų tarnybos direktoriaus 2017 m. birželio 19 d. įsakymu Nr. 1S-91 „Dėl Informacijos viešinimo Centrinėje viešųjų pirkimų informacinėje sistemoje tvarkos aprašo patvirtinimo“, perkančioji organizacija laimėjusio dalyvio pasiūlymą, išskyrus informaciją, kurią tiekėjas nurodė kaip konfidencialią, paskelbs CVP IS."]
[]
[]
["Tiekėjo arba jo įgalioto asmens pareigų pavadinimas:",null,null,null,"Direktorė"]
[]
["Pasirašančio asmens vardas ir pavardė:",null,null,null,"Živilė Sukackienė"]
[]
[]
[]
[]
[]
[]
[]
[]
[]
[]
[]
[]
[]
[]
[]
[]
[]
[]
[]
[]
[]
[]
[]
[]
[]
[]
[]
[]
[]
[]
[]
[]
[]
[]
[]
[]
[]
[]
[]
[]
[]
[]
[]
[]
[]
[]
["4955 2020-12-15 09:09:37"]